Movies Quiz

Random Movies or Director Quiz

Orson Welles Movies Quiz Stats

 Plays Quiz Updated Feb 28, 2020

Support Sporcle.
Go Orange.
Score 0/12 Timer 04:00
0 Plays Today
Year Movie % Correct
1941Citizen Kane
98.3%
1958Touch of Evil
54.7%
1942The Magnificent Ambersons
53.2%
1952Othello
38.7%
1948Macbeth
35%
1947The Lady from Shanghai
33.8%
1974F for Fake
31.1%
1962The Trial
28.7%
1946The Stranger
28.5%
1965Chimes at Midnight
27%
1955Mr. Arkadin
20.6%
1968The Immortal Story
10.5%

From the Vault

Four Letter History A-Z

by Flick

History 4m
Think of this as the sequel to 'A Short History of Nearly Everything.'
Remove Ads.
Support Sporcle.
Get the best of Sporcle when you Go Orange. This ad-free experience offers more features, more stats, and more fun while also helping to support Sporcle. Thank you for becoming a member.

Show Comments

Extras

Top Quizzes Today


Score Distribution

Your Account Isn't Verified!

In order to create a playlist on Sporcle, you need to verify the email address you used during registration. Go to your Sporcle Settings to finish the process.

Report this User

Report this user for behavior that violates our Community Guidelines.

Details: